Solarius [CD аудио] (Запис номер 226039)
[ съкратено ]
| 000 -Лидер | |
|---|---|
| Контролно поле с фиксирана дължина | 01479njm a2200385 c 4500 |
| 003 - Код на организацията, давaща контролен номер | |
| Контролно поле | BLK |
| 005 - Дата и час на последна редакция | |
| Контролно поле | 20180422121636.0 |
| 008 - Елементи от данни с фиксирана дължина | |
| fixed length control field | 180410b bul||n||s|||||||| n|bulo| |
| 010 ## - Наследен системен номер | |
| LC control number | CDD00007220000 |
| 040 ## - Източник на каталожния запис | |
| Идентификатор на билиотеката - собственик на записа | BLK |
| 041 ## - Код за език | |
| Код за езика на текст/звукозапис или на отделно заглавие | Немски |
| Код за езика КДБФ | Немски |
| 072 #7 - Код за тематичната категория | |
| Код организация | bullib |
| Код за тематична категория | Н9901 |
| Текст | Немска читалня - музика Н |
| 080 ## - УДК | |
| Текстов определител УДК | Други видове песни. - Естрада, джаз. Стари градски. Рок-и попмузика. Чалга(поп-фолк) |
| УДК код - определител по УДК | 784.7 |
| УДК определител | |
| УДК - код + определител | 784.7 |
| 139 ## - Редно поле | |
| Редна дума | Rolf Kuhn Quintet |
| Авторски знак | Rol - R 74 |
| 245 10 - Сведения за заглавието | |
| Заглавие | Solarius [CD аудио] |
| Редно поле (дума) | изп. Rolf Kuhn Quintet; кларинет Rolf Kuhn; саксофон Michal Urbaniak; пиано Joachim Kuhn; контрабас Klaus Koch; ударни инстр. Szeslaw Bartkowski. |
| 257 ## - Страна на издаване | |
| Страна на създаване/издаване | Германия |
| 260 ## - Област на издателските данни | |
| -- | Hamburg |
| Име на издателя, разпространителя и проч. | Edel Rec. |
| Година на издаване | 2012 |
| Дата на отпечатване | 1964 |
| 300 ## - Физическа характеристика | |
| Страници | 12 cm. Stereo |
| 306 ## - Продължителност на изпълнението | |
| Времетраене | 40мин. 9сек. |
| 380 ## - Жанр | |
| Жанр | Изкуство |
| 650 #4 - Допълнително описание по предмет – тема | |
| Основно описание – тема или топоним | Джаз |
| 9 (RLIN) | 153283 |
| 653 ## - Ключова дума – ненормативна | |
| Ключова дума | джаз |
| 659 ## - Тематичен бюлетин | |
| Тематичен бюлетин | Ф |
| 700 1# - Други автори (авторска отговорност) | |
| Лично име | Rolf Kuhn Quintet |
| Автороска отговорност (Описва отношението между автора и произведението) | изп. |
| 9 (RLIN) | 355373 |
| 700 1# - Други автори (авторска отговорност) | |
| Лично име | Kuhn, Rolf |
| Автороска отговорност (Описва отношението между автора и произведението) | кларинет |
| 9 (RLIN) | 387927 |
| 700 1# - Други автори (авторска отговорност) | |
| Лично име | Urbaniak, Michal |
| Автороска отговорност (Описва отношението между автора и произведението) | саксофон |
| 9 (RLIN) | 26905 |
| 700 1# - Други автори (авторска отговорност) | |
| Лично име | Kuhn, Joachim |
| Автороска отговорност (Описва отношението между автора и произведението) | пиано |
| 9 (RLIN) | 387556 |
| 700 1# - Други автори (авторска отговорност) | |
| Лично име | Koch, Klaus |
| Автороска отговорност (Описва отношението между автора и произведението) | контрабас |
| 9 (RLIN) | 355374 |
| 700 1# - Други автори (авторска отговорност) | |
| Лично име | Bartkowski, Szeslaw |
| Автороска отговорност (Описва отношението между автора и произведението) | ударни инстр. |
| 9 (RLIN) | 4553 |
| 852 ## - Местоположение | |
| Форматна сигнатура | Цб CD 3319 |
| Част | 0 |
| 856 4# - Електронен адрес и достъп | |
| Електронен формат | pdf - файл |
| Път до файла /url/ | |
| 856 4# - Електронен адрес и достъп | |
| Електронен формат | pdf - файл |
| Път до файла /url/ | |
| 942 ## - АРТИКУЛИ | |
| Вид на библиотечния материал | Компактдискове |
| Скрит в OPAC | Не |
| 944 ## - СЪЗДАВАНЕ И РЕДАКЦИЯ на ЗАПИСА | |
| Създаване/Редакция | Създаване |
| Дата на регистрацията/редакция | 18.03.2013 |
| Служител, извършил регистрацията/редакцията | Теодора_Стоянова |
| 944 ## - СЪЗДАВАНЕ И РЕДАКЦИЯ на ЗАПИСА | |
| Създаване/Редакция | Редакция |
| Дата на регистрацията/редакция | 22.08.2017 |
| Служител, извършил регистрацията/редакцията | Теодора_Стоянова |
| 999 ## - СИСТЕМНИ КОНТРОЛНИ НОМЕРА | |
| Koha biblionumber | 226039 |
| Koha biblioitemnumber | 226039 |
| Код за отписване | Код за изгубен артикул | Източник на класификационната схема | Код за повреда | Коз за рестрикции | Код за отдаване | Артикулен № | Име на библиотеката - собственик | Име на библиотеката, в която се намира в момента | Статус (Текущо местоположение) | Дата на вписване в системата | Местоположение - отдел | Цена в лева | Инвентарен номер | Систематично азбучна сигнатура | Баркод | Номер на екземпляра | Цена в евро | Служебна бележка | Служебен тип на артикула |
|---|---|---|---|---|---|---|---|---|---|---|---|---|---|---|---|---|---|---|---|
| Не е изгубен | Universal Decimal Classification | Не е повреден | без рестрикции | заемане за дома | 398142 | Регионална библиотека "Любен Каравелов" Русе | Регионална библиотека "Любен Каравелов" Русе | Отдел Изкуство - подръчен фонд | 2000-01-01 | Отдел Изкуство - подръчен фонд | 6.00 | 120000907775 | 78.036.9/R 74 | 120000907775 | 1 | 3.07 | Дост: DA Вид: А N: стар фонд Дата: 01.01.2000 Съставил: Теодора_Стоянова | Компактдискове |